| 000 | | | 03081nmc2a22002053x 450 |
| 001 | | | cb69c98d-9df2-439a-a6af-6744f82a811b |
| 005 | | | 20230309201111.0 |
| 100 | ## | $a | 20221109l18891915k l0rusy0189 ca |
| 101 | 0# | $a | rus |
| 102 | ## | $a | RU |
| 200 | 1# | $a | Книги для записей телеграмм министра народного просвещения |
| | $j | 1889-1915 гг. |
| 215 | ## | $a | 15 ед.хр. |
| 251 | ## | $c | Опись |
| 330 | ## | $a | Аннотация: Книги для записывания копий с телеграмм министра народного просвещения за 1889-1915 годы |
| 371 | ## | $a | Документ не является опубликованным и широко распространяемым |
| 461 | #0 | $1 | 001a74412a3-3cc5-4d21-8f0a-dfe2fbd9e72d |
| | $1 | 2001 |
| | $a | Департамент народного просвещения Министерства народного просвещения (1803-1917) |
| | $1 | 251 |
| | $c | Фонд |
| | $1 | 852 |
| | $j | 733 |
| 801 | #0 | $a | RU |
| | $b | РГИА |
| | $c | 20221109 |
| | $g | RCR |
| 801 | #1 | $a | RU |
| | $b | ГлавНИВЦ |
| | $c | 20221109 |
| | $2 | rusmarc |
| 801 | #2 | $a | RU |
| | $b | ПБ им. Б.Н. Ельцина |
| | $c | 20230309 |
| | $g | RCR |
| | $2 | rusmarc |
| 850 | ## | $a | РГИА |
| 852 | ## | $a | РГИА |
| | $e | Федеральное казенное учреждение "Российский государственный исторический архив" (РГИА) |
| | $j | 221 |
| 937 | ## | $h | РГИА |
| | $d | 12394750 |
| | $a | ASBIBLIO_SCAN |
| 035 | ## | $a | RusGRCC00052643 |
| 856 | ## | $u | http://readingroom.main.prlib.ru/item.aspx?id_node=n183968849&mode=full |